2000s Movie Taglines Quiz Stats

Quiz Updated Feb 14, 2016

Challenge
Share
Tweet
Embed
Score 0/20 Timer 06:00
31 Plays Today
% Correct
The Lord of the Rings: The Fellowship of the Ring
90.8%
Inglourious Basterds
87.8%
Knocked Up
85.1%
The Dark Knight
84.4%
The 40-Year-Old Virgin
81.7%
Shrek
81.3%
Slumdog Millionaire
80.6%
Monsters, Inc.
79.5%
There Will Be Blood
78.7%
Juno
78.5%
% Correct
No Country for Old Men
76.5%
Pan's Labyrinth
69.1%
Memento
67.5%
Up
67.2%
The Departed
66.3%
Hotel Rwanda
60.3%
Eternal Sunshine of the Spotless Mind
56.3%
Gladiator
44.5%
Watchmen
44.2%
City of God
27.6%

You're not logged in!

Compare scores with friends on all Sporcle quizzes.
Join for Free
OR
Log In

You Might Also Like...

Show Comments

Extras

Top Quizzes Today


Score Distribution

Your Account Isn't Verified!

In order to create a playlist on Sporcle, you need to verify the email address you used during registration. Go to your Sporcle Settings to finish the process.

Report this User

Report this user for behavior that violates our Community Guidelines.

Details: